| Tag |
First Indicator |
Second Indicator |
Subfields |
| LEADER |
00000cem a2200000 i 4500 |
| 001 |
in00004068614 |
| 005 |
20200227120005.0 |
| 007 |
aj canzn |
| 008 |
190321s2018 vauag cc a f 1 eng c |
| 035 |
|
|
|a (OCoLC)on1090354473
|
| 040 |
|
|
|a GPO
|b eng
|e rda
|c GPO
|d GPO
|d STF
|d OCLCO
|d IPL
|d PAU
|d CUS
|
| 020 |
|
|
|a 9781411342750
|
| 020 |
|
|
|a 1411342755
|
| 034 |
1 |
|
|a a
|b 100000
|d W1110000
|e W1100000
|f N0380000
|g N0373000
|
| 035 |
|
|
|a (OCoLC)1090354473
|
| 042 |
|
|
|a pcc
|
| 043 |
|
|
|a n-us-ut
|
| 050 |
|
4 |
|a G4341.G4 S100
|b .U35 Hite Crossing 2018
|
| 052 |
|
|
|a 4343
|b G3
|b K3
|b S3
|
| 074 |
|
|
|a 0619-G-16
|
| 086 |
0 |
|
|a I 53.11/4:37110-E 1-TM-100/2018
|
| 049 |
|
|
|a TXAM
|
| 110 |
1 |
|
|a United States.
|b Bureau of Land Management,
|e cartographer.
|
| 245 |
1 |
0 |
|a Utah.
|p Hite Crossing :
|b 1:100,000-scale topographic map : 30 x 60 minute series (topographic) /
|c edited and published by the Bureau of Land Management National Operations Center in cooperation with the Bureau of Land Management Utah State Office.
|
| 246 |
1 |
|
|i Filing title:
|a Hite Crossing, Utah
|
| 250 |
|
|
|a BLM, 2018.
|
| 255 |
|
|
|a Scale 1:100,000 ;
|b Lambert conformal conic projection
|c (W 111°00ʹ--W 110°00ʹ/N 38°00ʹ--N 37°30ʹ).
|
| 264 |
|
1 |
|a [Reston, Va.] :
|b U.S. Department of the Interior, Bureau of Land Management,
|c 2018.
|
| 264 |
|
1 |
|a Salt Lake City, UT :
|b For sale by U.S. Department of the Interior, Bureau of Land Management, Utah State Office .
|
| 300 |
|
|
|a 1 map :
|b color ;
|c 56 x 88 cm.
|
| 336 |
|
|
|a cartographic image
|b cri
|2 rdacontent
|
| 337 |
|
|
|a unmediated
|b n
|2 rdamedia
|
| 338 |
|
|
|a sheet
|b nb
|2 rdacarrier
|
| 490 |
1 |
|
|a Surface management status
|
| 500 |
|
|
|a Relief shown by contours and spot heights.
|
| 500 |
|
|
|a Shows township and range lines.
|
| 500 |
|
|
|a USGS base map dated 1980.
|
| 500 |
|
|
|a Includes location map, township diagram, and indexes to names of adjoining maps and to 1:24,000-scale maps.
|
| 500 |
|
|
|a Designed to be folded to 23 x 11 cm.
|
| 650 |
|
0 |
|a Land use, Rural
|z Utah
|z Garfield County
|v Maps.
|
| 650 |
|
0 |
|a Land use, Rural
|z Utah
|z Kane County
|v Maps.
|
| 650 |
|
0 |
|a Land use, Rural
|z Utah
|z San Juan County
|v Maps.
|
| 651 |
|
0 |
|a Garfield County (Utah)
|v Maps.
|
| 651 |
|
0 |
|a Kane County (Utah)
|v Maps.
|
| 651 |
|
0 |
|a San Juan County (Utah)
|v Maps.
|
| 650 |
|
7 |
|a Land use, Rural.
|2 fast
|0 (OCoLC)fst00991587
|
| 651 |
|
7 |
|a Utah.
|2 fast
|0 (OCoLC)fst01204563
|
| 655 |
|
7 |
|a Topographic maps.
|2 fast
|0 (OCoLC)fst01423808
|
| 655 |
|
7 |
|a Maps.
|2 fast
|0 (OCoLC)fst01423704
|
| 655 |
|
7 |
|a Topographic maps.
|2 lcgft
|
| 655 |
|
7 |
|a Maps.
|2 lcgft
|
| 710 |
2 |
|
|a National Operations Center (U.S.),
|e editor.
|
| 710 |
1 |
|
|a United States.
|b Bureau of Land Management.
|b Utah State Office,
|e distributor.
|
| 810 |
1 |
|
|a United States.
|b Bureau of Land Management.
|t Surface management status.
|
| 994 |
|
|
|a C0
|b TXA
|
| 948 |
|
|
|a cataloged
|b h
|c 2020/2/27
|d c
|e zprado
|f 11:59:59 am
|
| 999 |
f |
f |
|s 51e6f50a-7c7c-39f8-8b9d-9d9da7685560
|i 823622b8-9b3c-3854-8b59-f1ee4566fc82
|t 0
|
| 952 |
f |
f |
|p normal
|a Texas A&M University
|b College Station
|c Sterling C. Evans Library
|d Evans: Maps (2nd floor)
|t 0
|e G3701.G5 s100.U5 Hite Crossing, UT (SM) 2018
|h Library of Congress classification
|i unmediated -- sheet
|m A14850653990
|
| 998 |
f |
f |
|a G3701.G5 s100.U5 Hite Crossing, UT (SM) 2018
|t 0
|l Evans: Maps (2nd floor)
|